000 00276nam a22001097a 4500
008 170110b xxu||||| |||| 00| 0 eng d
020 _a9780763740405
041 _aeng
080 _a618.2
245 _aINTRODUCTION TO NURSING RESEARCH
_cBOSWELL, C & CANNON, SH
942 _2udc
_cBK
999 _c2676
_d2676